[Event "CUB-ch sf"]
[Site "Santa Clara"]
[Date "2006.02.11"]
[Round "7"]
[White "Blanco Ronquillo, Humberto L"]
[Black "Pujols, Carlos"]
[Result "1-0"]
[WhiteElo "2357"]
[BlackElo "2350"]
[PlyCount "79"]
[EventDate "2006.02.05"]
[EventType "swiss"]
[EventRounds "9"]
[EventCountry "CUB"]
[SourceTitle "EXT 2007"]
[Source "ChessBase"]
[SourceDate "2006.11.23"]
[SourceVersion "1"]
[SourceVersionDate "2006.11.23"]
[SourceQuality "1"]

1. e4 c6 2. d4 d5 3. Nc3 dxe4 4. Nxe4 Bf5 5. Ng3 Bg6 6. h4 h6 7. Nf3 Nd7 8. h5 Bh7 9. Bd3 Bxd3 10. Qxd3 Qc7 11. Bd2 Ngf6 12. 0-0-0 e6 13. Kb1 Bd6 14. Ne4 Nxe4 15. Qxe4 Nf6 16. Qe2 b5 17. g4 Bf4 18. Ne5 Bxd2 19. Rxd2 Nd5 20. c4 bxc4 21. Qxc4 0-0 22. Rc1 Rab8 23. Nxc6 Rb6 24. Rdc2 a5 25. Qa4 Qb7 26. a3 Rb5 27. Ka1 Ra8 28. Ne5 Rf8 29. Nc4 Qa6 30. Nd6 Rbb8 31. Ne4 Ra8 32. Nc5 Qd6 33. Nd7 Rfd8 34. Ne5 Nb6 35. Qb5 Nd7 36. Nc6 Rf8 37. g5 Kh8 38. gxh6 gxh6 39. Ne5 Rad8 40. Qxa5 1-0

[Event "CUB-ch sf"]
[Site "Santa Clara"]
[Date "2006.02.07"]
[Round "3"]
[White "Pujols, Carlos"]
[Black "Delgado Ramirez, Neuris"]
[Result "1/2-1/2"]
[WhiteElo "2350"]
[BlackElo "2540"]
[PlyCount "52"]
[EventDate "2006.02.05"]
[EventType "swiss"]
[EventRounds "9"]
[EventCountry "CUB"]
[SourceTitle "EXT 2007"]
[Source "ChessBase"]
[SourceDate "2006.11.23"]
[SourceVersion "1"]
[SourceVersionDate "2006.11.23"]
[SourceQuality "1"]

1. e4 c5 2. Nf3 d6 3. d4 cxd4 4. Nxd4 Nf6 5. Nc3 Nc6 6. Be2 e5 7. Nb3 Be7 8. Bg5 0-0 9. Bxf6 Bxf6 10. Nd5 Bg5 11. 0-0 Kh8 12. c3 Be6 13. Bc4 Qd7 14. Qe2 f5 15. exf5 Bxf5 16. Bd3 Bg4 17. f3 Be6 18. Be4 Qf7 19. Rad1 Rae8 20. Rd3 Bd8 21. Rfd1 Qh5 22. Nd2 Ne7 23. Nxe7 Bxe7 24. Bd5 Bf5 25. Be4 Be6 26. Bd5 Bf5 1/2-1/2

[Event "CUB-ch sf"]
[Site "Santa Clara"]
[Date "2006.02.05"]
[Round "1"]
[White "Corrales Jimenez, Fidel"]
[Black "Pujols, Carlos"]
[Result "1-0"]
[WhiteElo "2468"]
[BlackElo "2350"]
[PlyCount "61"]
[EventDate "2006.02.05"]
[EventType "swiss"]
[EventRounds "9"]
[EventCountry "CUB"]
[SourceTitle "EXT 2007"]
[Source "ChessBase"]
[SourceDate "2006.11.23"]
[SourceVersion "1"]
[SourceVersionDate "2006.11.23"]
[SourceQuality "1"]

1. e4 c6 2. d4 d5 3. Nc3 dxe4 4. Nxe4 Bf5 5. Ng3 Bg6 6. N1e2 Nf6 7. h4 h6 8. Nf4 Bh7 9. Bc4 e5 10. dxe5 Qxd1+ 11. Kxd1 Ng4 12. Re1 Nxf2+ 13. Ke2 Ng4 14. e6 f6 15. Bd3 Ne5 16. Bxh7 Rxh7 17. h5 Bd6 18. Nf5 Bc7 19. e7 Kf7 20. Ne6 Na6 21. Nf8 Rh8 22. Bf4 Nb4 23. Bxe5 Bxe5 24. Rad1 Nd5 25. Ng6 Rhe8 26. Kf3 Nxe7 27. Rd7 Ke6 28. Rxe7+ Kxf5 29. g4+ Kg5 30. Rxg7 Rg8 31. Nf4+ 1-0

[Event "CUB-ch sf"]
[Site "Cuba"]
[Date "2000.??.??"]
[Round "?"]
[White "Gomez Fontal, Felix Manuel"]
[Black "Pujols, Carlos"]
[Result "1/2-1/2"]
[WhiteElo "2414"]
[BlackElo "2307"]
[PlyCount "43"]
[EventDate "2000.??.??"]
[EventType "tourn"]
[EventRounds "12"]
[EventCountry "CUB"]
[SourceTitle "EXT 2001"]
[Source "ChessBase"]
[SourceDate "2000.11.22"]
[SourceVersion "1"]
[SourceVersionDate "2000.11.22"]
[SourceQuality "1"]

1. d4 Nf6 2. Nf3 g6 3. Bg5 Bg7 4. Nbd2 d5 5. e3 0-0 6. c4 c5 7. dxc5 Na6 8. cxd5 Nxc5 9. Qc2 Qa5 10. b4 Qxb4 11. Rb1 Bf5 12. Qxf5 Qxd2+ 13. Nxd2 gxf5 14. Bc4 Rac8 15. f3 Rfd8 16. Bxf6 Bxf6 17. Ke2 a6 18. Rb6 Bc3 19. Rc1 Ba5 20. Rb2 b5 21. Bb3 Nxb3 22. Rxc8 1/2-1/2

[Event "CUB-ch sf"]
[Site "Cuba"]
[Date "2000.??.??"]
[Round "?"]
[White "Ibanez Milian, Dagoberto"]
[Black "Pujols, Carlos"]
[Result "0-1"]
[WhiteElo "2285"]
[BlackElo "2307"]
[PlyCount "54"]
[EventDate "2000.??.??"]
[EventType "tourn"]
[EventRounds "12"]
[EventCountry "CUB"]
[SourceTitle "EXT 2001"]
[Source "ChessBase"]
[SourceDate "2000.11.22"]
[SourceVersion "1"]
[SourceVersionDate "2000.11.22"]
[SourceQuality "1"]

1. d4 Nf6 2. Nf3 g6 3. c4 Bg7 4. Nc3 d5 5. Bg5 Ne4 6. cxd5 Nxg5 7. Nxg5 e6 8. Qd2 exd5 9. Qe3+ Kf8 10. Qf4 Bf6 11. h4 Kg7 12. e3 c5 13. 0-0-0 h6 14. Nf3 Nc6 15. Bb5 cxd4 16. exd4 h5 17. Ng5 Bf5 18. f3 Rc8 19. g4 hxg4 20. fxg4 Rxh4 21. Nf3 Rxg4 22. Qh6+ Kg8 23. Bxc6 Rxc6 24. Qh7+ Kf8 25. Rdf1 Qa5 26. Kd1 Rxc3 27. bxc3 Qa4+ 0-1

[Event "CUB-ch sf"]
[Site "Cuba"]
[Date "2000.??.??"]
[Round "?"]
[White "Nunez, Antonio"]
[Black "Pujols, Carlos"]
[Result "1-0"]
[WhiteElo "2311"]
[BlackElo "2307"]
[PlyCount "41"]
[EventDate "2000.??.??"]
[EventType "tourn"]
[EventRounds "12"]
[EventCountry "CUB"]
[SourceTitle "EXT 2001"]
[Source "ChessBase"]
[SourceDate "2000.11.22"]
[SourceVersion "1"]
[SourceVersionDate "2000.11.22"]
[SourceQuality "1"]

1. d4 Nf6 2. c4 g6 3. Nc3 d5 4. cxd5 Nxd5 5. e4 Nxc3 6. bxc3 Bg7 7. Nf3 0-0 8. Be2 c5 9. 0-0 b6 10. Bg5 Bb7 11. Qd3 cxd4 12. cxd4 Nc6 13. Rad1 Rc8 14. Qa3 a5 15. d5 Nb4 16. d6 f6 17. d7 Rc6 18. Be3 Ba6 19. Qb3+ Rf7 20. Bxa6 Nxa6 21. Bxb6 1-0

[Event "CUB-ch sf"]
[Site "Matanzas"]
[Date "1999.??.??"]
[Round "?"]
[White "Gonzalez, Renier"]
[Black "Pujols, Carlos"]
[Result "1-0"]
[WhiteElo "2408"]
[BlackElo "2330"]
[PlyCount "59"]
[EventDate "1999.??.??"]
[EventType "tourn"]
[EventRounds "9"]
[EventCountry "CUB"]
[SourceTitle "EXT 2004"]
[Source "ChessBase"]
[SourceDate "2003.11.25"]
[SourceVersion "1"]
[SourceVersionDate "2003.11.25"]
[SourceQuality "1"]

1. e4 e5 2. Nc3 Nf6 3. g3 Nc6 4. Bg2 Bc5 5. d3 a6 6. Nf3 d6 7. Be3 Bxe3 8. fxe3 Bg4 9. h3 Bxf3 10. Qxf3 Ne7 11. g4 c6 12. g5 Nd7 13. 0-0-0 0-0 14. h4 f5 15. Qh3 Nb6 16. Rd2 f4 17. exf4 Rxf4 18. h5 Qc8 19. Qe3 Qc7 20. Ne2 Rff8 21. Bh3 d5 22. Ng3 d4 23. Qe1 c5 24. Rf2 c4 25. Be6+ Kh8 26. dxc4 Nxc4 27. h6 g6 28. Rhf1 Rfe8 29. Rf7 Ne3 30. Qf2 1-0

[Event "Havana Provincial"]
[Site "Havana"]
[Date "1999.??.??"]
[Round "?"]
[White "Li Torres, Manuel Eugenio"]
[Black "Pujols, Carlos"]
[Result "1-0"]
[WhiteElo "2312"]
[BlackElo "2330"]
[PlyCount "57"]
[EventDate "1999.??.??"]
[EventType "tourn"]
[EventRounds "15"]
[EventCountry "CUB"]
[SourceTitle "EXT 2000"]
[Source "ChessBase"]
[SourceDate "1999.11.16"]
[SourceVersion "1"]
[SourceVersionDate "1999.11.16"]
[SourceQuality "1"]

1. Nf3 Nf6 2. c4 g6 3. Nc3 d5 4. cxd5 Nxd5 5. Qa4+ Bd7 6. Qh4 Nf6 7. e4 c5 8. Bc4 Nc6 9. 0-0 Bg4 10. e5 Bxf3 11. exf6 Ne5 12. Bb5+ Bc6 13. Re1 Bxb5 14. Rxe5 Qd6 15. d4 cxd4 16. Bf4 dxc3 17. Rxe7+ Bxe7 18. Bxd6 Bxd6 19. Qe4+ Kd8 20. Qd5 Kc7 21. Qxb5 cxb2 22. Qxb2 Rad8 23. Rb1 b6 24. Qb3 Rd7 25. Qa4 Ra8 26. Rd1 a5 27. Qc4+ Bc5 28. Rxd7+ Kxd7 29. Qd5+ 1-0

[Event "Basarrate Memorial-A"]
[Site "Havana"]
[Date "1999.??.??"]
[Round "?"]
[White "Mendez Fortes, Eduardo Jesus"]
[Black "Pujols, Carlos"]
[Result "1-0"]
[WhiteElo "2287"]
[BlackElo "2330"]
[PlyCount "80"]
[EventDate "1999.??.??"]
[EventType "tourn"]
[EventRounds "9"]
[EventCountry "CUB"]
[EventCategory "4"]
[SourceTitle "EXT 2000"]
[Source "ChessBase"]
[SourceDate "1999.11.16"]
[SourceVersion "1"]
[SourceVersionDate "1999.11.16"]
[SourceQuality "1"]

1. e4 e5 2. Nf3 Nc6 3. Bb5 a6 4. Ba4 Nf6 5. 0-0 Nxe4 6. d4 b5 7. Bb3 d5 8. dxe5 Be6 9. Nbd2 Nc5 10. c3 Bg4 11. Bc2 Be7 12. Re1 d4 13. h3 Bh5 14. b4 dxc3 15. bxc5 cxd2 16. Bxd2 Nd4 17. Be4 Nxf3+ 18. Bxf3 Bxf3 19. Qxf3 0-0 20. Be3 Qd7 21. Qe4 Qe6 22. f4 f6 23. a4 f5 24. Qb7 Rab8 25. Qxc7 Rfc8 26. Qa7 b4 27. Red1 Bf8 28. Rab1 Qc6 29. Qd7 Bxc5 30. Bxc5 Qxd7 31. Rxd7 Rxc5 32. e6 a5 33. Rbd1 Re8 34. Rb7 h6 35. Rdd7 Rxe6 36. Rxg7+ Kf8 37. Rgf7+ Kg8 38. Rfd7 Kf8 39. Kh2 Re2 40. Rh7 Kg8 1-0

[Event "Basarrate Memorial-A"]
[Site "Havana"]
[Date "1999.??.??"]
[Round "?"]
[White "Pujols, Carlos"]
[Black "Almeida Quintana, Omar"]
[Result "1/2-1/2"]
[WhiteElo "2330"]
[BlackElo "2344"]
[PlyCount "94"]
[EventDate "1999.??.??"]
[EventType "tourn"]
[EventRounds "9"]
[EventCountry "CUB"]
[EventCategory "4"]
[SourceTitle "EXT 2000"]
[Source "ChessBase"]
[SourceDate "1999.11.16"]
[SourceVersion "1"]
[SourceVersionDate "1999.11.16"]
[SourceQuality "1"]

1. e4 c5 2. Nf3 Nc6 3. d4 cxd4 4. Nxd4 Nf6 5. Nc3 e5 6. Ndb5 d6 7. Bg5 a6 8. Na3 b5 9. Bxf6 gxf6 10. Nd5 f5 11. Bd3 Be6 12. 0-0 Bg7 13. Qh5 f4 14. c4 b4 15. Nc2 Rb8 16. a3 bxa3 17. b4 Bxd5 18. exd5 Nxb4 19. Nxb4 Rxb4 20. Rxa3 h6 21. Rxa6 0-0 22. Qf5 Re8 23. Rc6 Qb8 24. Be4 Rd8 25. Rc1 Rb6 26. h3 Qa7 27. c5 dxc5 28. R6xc5 Qe7 29. Rc7 Qf6 30. Qh7+ Kf8 31. Ra7 Ra6 32. Rxa6 Qxa6 33. Rc6 Qa5 34. Kh2 Qe1 35. Rc2 Qa5 36. Qf5 Qb6 37. Bf3 Qf6 38. Qe4 Qb6 39. g3 fxg3+ 40. fxg3 Qf6 41. Rc6 Qg5 42. h4 Qd2+ 43. Kh3 Qf2 44. Rc7 Qb6 45. Rc6 Qb7 46. Qf5 Qe7 47. Be4 Rd7 1/2-1/2

[Event "Basarrate Memorial-A"]
[Site "Havana"]
[Date "1999.??.??"]
[Round "?"]
[White "Pujols, Carlos"]
[Black "Gonzalez Vidal, Yuri"]
[Result "1-0"]
[WhiteElo "2330"]
[BlackElo "2386"]
[PlyCount "102"]
[EventDate "1999.??.??"]
[EventType "tourn"]
[EventRounds "9"]
[EventCountry "CUB"]
[EventCategory "4"]
[SourceTitle "EXT 2000"]
[Source "ChessBase"]
[SourceDate "1999.11.16"]
[SourceVersion "1"]
[SourceVersionDate "1999.11.16"]
[SourceQuality "1"]

1. e4 c5 2. Nf3 d6 3. d4 cxd4 4. Nxd4 Nf6 5. Nc3 g6 6. Be3 Bg7 7. f3 0-0 8. Qd2 Nc6 9. 0-0-0 d5 10. exd5 Nxd5 11. Nxc6 bxc6 12. Bd4 Nxc3 13. Qxc3 Bh6+ 14. Be3 Bxe3+ 15. Qxe3 Qb6 16. Qxe7 Be6 17. Bd3 Bxa2 18. h4 Rab8 19. Qf6 Qe3+ 20. Rd2 Bd5 21. h5 Qh6 22. Rh4 Qg7 23. Qxg7+ Kxg7 24. Ra4 Rb7 25. Ra6 Rc8 26. Ra5 Rcc7 27. Rc5 Rb6 28. Be2 Rcb7 29. b3 Kf6 30. Rd4 Ke5 31. Ra4 Rb4 32. Ra6 Kd4 33. Rca5 Ke3 34. Bd1 R4b6 35. c4 Be6 36. Rxa7 Rxa7 37. Rxa7 gxh5 38. Ra5 h4 39. Rh5 Ra6 40. Kb2 Kf2 41. Rxh7 Kxg2 42. Rxh4 Ra8 43. Rh5 Rd8 44. Kc1 Kf2 45. Re5 Rd4 46. Be2 Kg3 47. Kc2 Kf4 48. Rc5 Rd6 49. Kc3 Bd7 50. b4 Re6 51. Bd3 Rd6 1-0

[Event "Havana Provincial"]
[Site "Havana"]
[Date "1999.??.??"]
[Round "?"]
[White "Ravelo Gil, Eddy"]
[Black "Pujols, Carlos"]
[Result "1-0"]
[WhiteElo "2330"]
[BlackElo "2330"]
[PlyCount "43"]
[EventDate "1999.??.??"]
[EventType "tourn"]
[EventRounds "15"]
[EventCountry "CUB"]
[SourceTitle "EXT 2000"]
[Source "ChessBase"]
[SourceDate "1999.11.16"]
[SourceVersion "1"]
[SourceVersionDate "1999.11.16"]
[SourceQuality "1"]

1. e4 e5 2. Nf3 Nc6 3. Nc3 Nf6 4. g3 Bc5 5. Bg2 d6 6. h3 h6 7. d3 Be6 8. Na4 Qd7 9. Nxc5 dxc5 10. Be3 b6 11. Qd2 0-0-0 12. Qc3 Qd6 13. Nd2 Nd7 14. a3 Kb7 15. f4 f6 16. Nc4 Qe7 17. Rb1 a5 18. 0-0 Qf7 19. fxe5 Nd4 20. Bxd4 cxd4 21. Qxd4 Bxc4 22. exf6 1-0

[Event "Basarrate Memorial"]
[Site "Havana"]
[Date "1998.??.??"]
[Round "?"]
[White "Espinosa, Julio Manuel"]
[Black "Pujols, Carlos"]
[Result "1-0"]
[WhiteElo "2325"]
[BlackElo "2255"]
[PlyCount "107"]
[EventDate "1998.??.??"]
[EventType "tourn"]
[EventRounds "14"]
[EventCountry "CUB"]
[EventCategory "3"]
[SourceTitle "EXT 2002"]
[Source "ChessBase"]
[SourceDate "2001.11.25"]
[SourceVersion "1"]
[SourceVersionDate "2001.11.25"]
[SourceQuality "1"]

1. e4 e5 2. Nf3 Nc6 3. d4 exd4 4. c3 d3 5. Bxd3 Nf6 6. 0-0 d6 7. h3 Be7 8. Be3 0-0 9. Nbd2 d5 10. Re1 h6 11. e5 Nd7 12. Bf4 Nc5 13. Bb1 f5 14. exf6 Rxf6 15. Bg3 Bf5 16. Bxf5 Rxf5 17. Nb3 Ne4 18. Bh2 Bd6 19. Bxd6 Qxd6 20. Nbd2 Nxd2 21. Qxd2 Raf8 22. Re3 Qc5 23. Rae1 a5 24. Re8 Qd6 25. Qd3 Rxe8 26. Rxe8+ Rf8 27. Rxf8+ Kxf8 28. Qf5+ Ke7 29. Qc8 Qf4 30. Qxb7 Qc1+ 31. Kh2 Qf4+ 32. Kh1 Qc1+ 33. Ng1 Kd6 34. Qb5 Qb1 35. a4 Ne5 36. Kh2 Nd3 37. c4 c6 38. Qb8+ Kc5 39. cxd5 Qxb2 40. Qf8+ Kxd5 41. Qf3+ Kc4 42. Qxc6+ Nc5 43. Ne2 Qe5+ 44. f4 Qb8 45. Qg6 Qb2 46. Qe8 Qb7 47. Qe5 Qe4 48. Qc3+ Kd5 49. Qb2 Qe3 50. Qb5 Kd6 51. Ng3 g6 52. f5 h5 53. fxg6 Qg5 54. Qxc5+ 1-0

[Event "Havana-ch sf region"]
[Site "Havana"]
[Date "1998.??.??"]
[Round "?"]
[White "Morales Garcia, Alexei"]
[Black "Pujols, Carlos"]
[Result "0-1"]
[WhiteElo "2115"]
[BlackElo "2255"]
[PlyCount "52"]
[EventDate "1998.??.??"]
[EventType "swiss"]
[EventRounds "9"]
[EventCountry "CUB"]
[SourceTitle "EXT 2003"]
[Source "ChessBase"]
[SourceDate "2002.11.25"]
[SourceVersion "1"]
[SourceVersionDate "2002.11.25"]
[SourceQuality "1"]

1. d4 f5 2. Nf3 Nf6 3. g3 g6 4. b3 Bg7 5. Bb2 0-0 6. Bg2 d6 7. 0-0 Ng4 8. Nbd2 Nc6 9. h3 Nh6 10. c4 e5 11. dxe5 dxe5 12. e4 f4 13. g4 Nf7 14. Qe2 Qe7 15. Nb1 Nd4 16. Nxd4 exd4 17. Rd1 Ne5 18. f3 c5 19. Na3 Be6 20. Qd2 Rad8 21. Rab1 a6 22. Rbc1 Bf6 23. Qxf4 Bg5 24. Qg3 Bf4 25. Qe1 Bxc1 26. Bxc1 Nxf3+ 0-1

[Event "Basarrate Memorial"]
[Site "Havana"]
[Date "1998.??.??"]
[Round "?"]
[White "Pujols, Carlos"]
[Black "Bruzon Batista, Lazaro"]
[Result "0-1"]
[WhiteElo "2255"]
[BlackElo "2325"]
[PlyCount "56"]
[EventDate "1998.??.??"]
[EventType "tourn"]
[EventRounds "14"]
[EventCountry "CUB"]
[EventCategory "3"]
[SourceTitle "EXT 2002"]
[Source "ChessBase"]
[SourceDate "2001.11.25"]
[SourceVersion "1"]
[SourceVersionDate "2001.11.25"]
[SourceQuality "1"]

1. e4 c5 2. Nf3 d6 3. d4 cxd4 4. Nxd4 Nf6 5. Nc3 a6 6. Bc4 e6 7. Bb3 Nbd7 8. f4 Nc5 9. f5 b5 10. Qf3 Bd7 11. Bg5 Be7 12. fxe6 fxe6 13. e5 dxe5 14. Nc6 Bxc6 15. Qxc6+ Kf7 16. 0-0 Qc8 17. Qf3 Rf8 18. Qg3 Kg8 19. Rae1 Kh8 20. Qxe5 b4 21. Na4 Nxa4 22. Bxa4 Ng4 23. Rxf8+ Qxf8 24. Qf4 Bc5+ 25. Kf1 Qxf4+ 26. Bxf4 Rf8 27. g3 e5 28. h3 Ne3+ 0-1

[Event "Basarrate Memorial"]
[Site "Havana"]
[Date "1998.??.??"]
[Round "?"]
[White "Pujols, Carlos"]
[Black "Gonzalez Vidal, Yuri"]
[Result "1/2-1/2"]
[WhiteElo "2255"]
[BlackElo "2350"]
[PlyCount "58"]
[EventDate "1998.??.??"]
[EventType "tourn"]
[EventRounds "14"]
[EventCountry "CUB"]
[EventCategory "3"]
[SourceTitle "EXT 2002"]
[Source "ChessBase"]
[SourceDate "2001.11.25"]
[SourceVersion "1"]
[SourceVersionDate "2001.11.25"]
[SourceQuality "1"]

1. e4 d5 2. exd5 Qxd5 3. Nc3 Qa5 4. Nf3 Nf6 5. d4 c6 6. Bc4 Bf5 7. 0-0 e6 8. Re1 Bb4 9. Bd2 0-0 10. a3 Bxc3 11. Bxc3 Qc7 12. b3 Nbd7 13. Qc1 b5 14. Bf1 a5 15. Bd2 Qb7 16. Nh4 Be4 17. f3 Bg6 18. Nxg6 hxg6 19. c4 bxc4 20. bxc4 c5 21. Rb1 Qc6 22. dxc5 Nxc5 23. Rb5 a4 24. Bb4 Nfd7 25. Qe3 Rfc8 26. Rd1 Nb3 27. Rd6 Qc7 28. Rxe6 fxe6 29. Qxe6+ Kh8 1/2-1/2

[Event "Basarrate Memorial"]
[Site "Havana"]
[Date "1998.??.??"]
[Round "?"]
[White "Pujols, Carlos"]
[Black "Otero Acosta, Diasmany"]
[Result "1-0"]
[WhiteElo "2255"]
[BlackElo "2330"]
[PlyCount "97"]
[EventDate "1998.??.??"]
[EventType "tourn"]
[EventRounds "14"]
[EventCountry "CUB"]
[EventCategory "3"]
[SourceTitle "EXT 2002"]
[Source "ChessBase"]
[SourceDate "2001.11.25"]
[SourceVersion "1"]
[SourceVersionDate "2001.11.25"]
[SourceQuality "1"]

1. e4 e5 2. Nf3 Nc6 3. Bb5 Nge7 4. 0-0 d6 5. c3 Bd7 6. d4 h6 7. a3 g5 8. dxe5 dxe5 9. Nbd2 a6 10. Bxc6 Nxc6 11. Nc4 Qf6 12. Ne3 0-0-0 13. Qc2 g4 14. Nd2 h5 15. Ndc4 h4 16. Nd5 Qg6 17. f4 gxf3 18. Rxf3 f5 19. exf5 Bxf5 20. Qxf5+ Qxf5 21. Rxf5 Rxd5 22. Be3 Bh6 23. Re1 Bxe3+ 24. Rxe3 Re8 25. Re4 b5 26. Ne3 Rd2 27. Rf2 Rd3 28. h3 a5 29. Nf5 Kd7 30. Nxh4 b4 31. axb4 axb4 32. cxb4 Rd4 33. Rfe2 Nxb4 34. Rxd4+ exd4 35. Rxe8 Kxe8 36. Nf3 c5 37. Nd2 Ke7 38. b3 Nd3 39. Kf1 Ke6 40. Ke2 Ne5 41. Nc4 Nxc4 42. bxc4 Kf5 43. Kf3 Kg5 44. g4 Kf6 45. Kf4 Kg6 46. h4 Kh6 47. h5 Kg7 48. g5 Kg8 49. g6 1-0

[Event "Havana-ch sf region"]
[Site "Havana"]
[Date "1998.??.??"]
[Round "?"]
[White "Pujols, Carlos"]
[Black "Perez Mitjans, Orelvis"]
[Result "1-0"]
[WhiteElo "2255"]
[BlackElo "2240"]
[PlyCount "97"]
[EventDate "1998.??.??"]
[EventType "swiss"]
[EventRounds "9"]
[EventCountry "CUB"]
[SourceTitle "EXT 2003"]
[Source "ChessBase"]
[SourceDate "2002.11.25"]
[SourceVersion "1"]
[SourceVersionDate "2002.11.25"]
[SourceQuality "1"]

1. e4 c6 2. d4 d5 3. exd5 cxd5 4. c4 Nf6 5. Nc3 g6 6. cxd5 Bg7 7. Qb3 0-0 8. g3 Nbd7 9. Bg2 Nb6 10. Nge2 Bg4 11. Nf4 a5 12. a4 Rc8 13. 0-0 Bf5 14. Be3 g5 15. Nfe2 h6 16. Rfd1 Rc4 17. Qa2 Qd6 18. Rac1 Rfc8 19. b3 R4c7 20. Nb5 Rxc1 21. Rxc1 Rxc1+ 22. Bxc1 Qd7 23. d6 exd6 24. Qd2 Nbd5 25. Qxa5 Bd3 26. Nec3 Nxc3 27. Nxc3 Qe6 28. Be3 Qxb3 29. h3 b6 30. Qa8+ Kh7 31. Nd5 Nxd5 32. Bxd5 Qd1+ 33. Kh2 Bg6 34. Qa7 Bxd4 35. Bxf7 Bxf7 36. Qxf7+ Bg7 37. Qf5+ Kh8 38. Qc8+ Kh7 39. Qf5+ Kh8 40. Bxb6 d5 41. Qc8+ Kh7 42. a5 Qf3 43. Qc2+ Kh8 44. a6 d4 45. a7 Qb7 46. Kg1 h5 47. Qc7 Qf3 48. Qb8+ Kh7 49. a8Q 1-0

[Event "Havana op"]
[Site "Havana"]
[Date "1994.??.??"]
[Round "5"]
[White "Moreno, Alejandro"]
[Black "Pujols, Carlos"]
[Result "1-0"]
[WhiteElo "2310"]
[BlackElo "2250"]
[PlyCount "63"]
[EventDate "1994.04.??"]
[EventType "swiss"]
[EventRounds "9"]
[EventCountry "CUB"]
[SourceTitle "EXT 1997"]
[Source "ChessBase"]
[SourceDate "1996.11.15"]
[SourceVersion "1"]
[SourceVersionDate "1996.11.15"]
[SourceQuality "1"]

1. d4 Nf6 2. c4 e6 3. Nf3 c5 4. d5 exd5 5. cxd5 d6 6. Nc3 g6 7. Nd2 Bg7 8. Nc4 0-0 9. Bf4 Ne8 10. g3 f5 11. Qd2 a6 12. a4 b6 13. Bg2 Ra7 14. 0-0 Re7 15. Rab1 Qc7 16. Rfc1 Nd7 17. b4 Ne5 18. Bxe5 Bxe5 19. bxc5 bxc5 20. Rb6 Qd7 21. e3 Rf6 22. Rb8 Qc7 23. Rcb1 Rf8 24. R1b6 Nf6 25. Ra8 Nd7 26. Rb3 Bg7 27. f4 Rfe8 28. Nd1 Nf6 29. Qa5 Qxa5 30. Nxa5 Bd7 31. Rxe8+ Nxe8 32. Nc6 1-0

[Event "Havana op"]
[Site "Havana"]
[Date "1994.??.??"]
[Round "8"]
[White "Pujols, Carlos"]
[Black "Sequera Paolini, Jose Rafael"]
[Result "1-0"]
[WhiteElo "2250"]
[BlackElo "2330"]
[PlyCount "101"]
[EventDate "1994.04.??"]
[EventType "swiss"]
[EventRounds "9"]
[EventCountry "CUB"]
[SourceTitle "EXT 1997"]
[Source "ChessBase"]
[SourceDate "1996.11.15"]
[SourceVersion "1"]
[SourceVersionDate "1996.11.15"]
[SourceQuality "1"]

1. e4 e6 2. d4 d5 3. Nc3 Bb4 4. e5 c5 5. a3 Bxc3+ 6. bxc3 Ne7 7. Qg4 0-0 8. Bd3 f5 9. exf6 Rxf6 10. Qh5 g6 11. Qd1 cxd4 12. cxd4 Qc7 13. Nf3 e5 14. Nxe5 Qc3+ 15. Bd2 Qxd4 16. Nf3 Re6+ 17. Be2 Rxe2+ 18. Kxe2 Qc4+ 19. Ke1 Nbc6 20. Qe2 Qxc2 21. Kf1 Bd7 22. h3 Re8 23. Kg1 Nf5 24. Qd1 Qc5 25. Qc1 Qf8 26. Qc2 Nd6 27. Kh2 Re2 28. Rhe1 Rxf2 29. Kg1 Rxf3 30. gxf3 Qxf3 31. Qc3 Qxc3 32. Bxc3 Bxh3 33. Rad1 Ne4 34. Rxd5 Nxc3 35. Rd3 Bf5 36. Rxc3 h5 37. Re2 Kg7 38. Rb2 Nd8 39. Rc7+ Kh6 40. Rd2 Nc6 41. Rxb7 h4 42. Rd6 Ne5 43. Rxa7 Kg5 44. Ra4 Ng4 45. Rb4 h3 46. Rd2 Ne5 47. Re2 Kf6 48. Rb6+ Be6 49. Kh2 g5 50. Kg3 g4 51. a4 1-0

[Event "Havana op"]
[Site "Havana"]
[Date "1994.??.??"]
[Round "1"]
[White "Sieiro Gonzalez, Luis"]
[Black "Pujols, Carlos"]
[Result "1/2-1/2"]
[WhiteElo "2405"]
[BlackElo "2250"]
[PlyCount "38"]
[EventDate "1994.04.??"]
[EventType "swiss"]
[EventRounds "9"]
[EventCountry "CUB"]
[SourceTitle "EXT 1997"]
[Source "ChessBase"]
[SourceDate "1996.11.15"]
[SourceVersion "1"]
[SourceVersionDate "1996.11.15"]
[SourceQuality "1"]

1. e4 e5 2. Nf3 Nc6 3. Nc3 Nf6 4. Bb5 Bb4 5. 0-0 0-0 6. d3 d6 7. Bg5 Bxc3 8. bxc3 Qe7 9. Re1 Nd8 10. d4 Ne6 11. Bc1 c5 12. Bf1 Rd8 13. a4 Nf8 14. Nh4 Nxe4 15. Rxe4 f5 16. Bc4+ Kh8 17. Qh5 fxe4 18. Bg5 Qc7 19. Bf7 Bg4 1/2-1/2